| 000 | 00662nam a2200229Ia 4500 | ||
|---|---|---|---|
| 003 | OSt | ||
| 005 | 20230503103022.0 | ||
| 008 | 210423s2016 xx 000 0 und d | ||
| 020 | _a978-0-415-83796-5 | ||
| 040 | _cAL | ||
| 041 | _aeng | ||
| 082 |
_a792.09 _223 _bNELT |
||
| 100 |
_aNELLHAUS (Tobin);MCCONACHIE (Bruce);SORGENFREI (Carol Fisher);UNDERINER (Tamara) _996568 |
||
| 245 | _aTheatre histories: an introduction Ed 3 | ||
| 250 | _a3 | ||
| 260 |
_aLondon _bRoutledge _c2016 |
||
| 300 |
_axxiv,632 _bPB |
||
| 365 |
_b4642.97 _cGBP |
||
| 650 |
_aStage Presentations _996569 |
||
| 906 | _aan ; histories: ; introduction ; Theatre | ||
| 942 |
_2ddc _cBK |
||
| 999 |
_c170821 _d170821 |
||